| 000 | 00477nam a22001817a 4500 | ||
|---|---|---|---|
| 003 | CEME | ||
| 005 | 20210628202529.0 | ||
| 008 | 210316b xxu||||| |||| 00| 0 eng d | ||
| 020 | _a0-12-550710-0 | ||
| 040 | _c. | ||
| 082 | _a621.38224 HAN'P | ||
| 100 |
_aPerez, Reinaldo _960372 |
||
| 245 | _aHandbook of electromagnetic compatibility | ||
| 260 |
_aNEWYORK _bACADEMIC PRESS _c1995 |
||
| 300 | _a1098P | ||
| 650 |
_aELECTROMAGNETIC CAPATIBILITY _960373 |
||
| 942 |
_cBK _2ddc |
||
| 999 |
_c570110 _d570110 |
||